000 00779cam a22002537a 4500
001 002387
003 armpunfd
005 20140612090706.0
008 101220e0####xx#a##########000#0#und#d
040 _aarmpunfd
_carmpunfd
080 _a347.63 W 644
100 1 0 _a Wilde, Zulema D
245 1 0 _aLa adopcion nacional e internacional
260 _a Uenos Aires : Abeledo- Perrot
_b1996. Isbn: 950-20-0916-9. 246 P.
650 7 _a Adopcion Internacional
_2LEMB
650 7 _a Adopcion Nacional
_2LEMB
650 7 _a Adopcion Plena
_2LEMB
650 7 _a Adopcion Simple
_2LEMB
650 7 _a Convencion De Derechos Del NiÑO
_2LEMB
650 7 _a Derecho De Familia
_2LEMB
650 7 _a Ley 19.134
_2LEMB
942 _cLB
_2cdu
945 _aCatalis
_d2010-08-19
999 _c2377
_d232881